U.S. States Whose Two Biggest Cities Begin with the Same Letter - Statistics

General Stats
  • This quiz has been taken 12,558 times
    11,632 since last reset
  • The average score is 14 of 22
Answer Stats
Hint Answer % Correct
1,573,916 P{hiladelphia}
87%
307,668 P{ittsburgh}
83%
{Pennsylvania}
80%
314,915 C{incinnati}
76%
365,379 C{leveland}
76%
933,263 C{olumbus}
76%
{Ohio}
74%
{South} {Carolina}
66%
780,995 S{eattle}
65%
157,665 C{harleston}
62%
{Washington}
61%
640,796 L{ouisville}
58%
{Kentucky}
56%
144,788 C{olumbia}
54%
{Wyoming}
54%
65,704 C{heyenne}
53%
563,531 M{ilwaukee}
51%
{Wisconsin}
51%
285,300 M{adison}
50%
329,437 L{exington}
48%
230,609 S{pokane}
47%
58,823 C{asper}
34%
No matching quizzes found
Score Distribution
Percent of People with Each Score
Percentile by Number Answered
Your Score History
You have not taken this quiz since the last reset